| 000 | 00686nam a2200229 a 4500 | ||
|---|---|---|---|
| 005 | 20230531063614.0 | ||
| 008 | 030227s2001 ag r 000 0 spa d | ||
| 020 | _a9501653412 | ||
| 035 | _aUPN01000122255 | ||
| 049 | _aCG | ||
| 050 | 4 |
_aLC225 _bG8.2 |
|
| 100 | 1 | _aGuibourg, Flavia | |
| 245 | 1 | 3 |
_aLa comunicación con los padres / _cFlavia Guibourg ; ed. Alejandra Mizrahi. |
| 260 |
_aBuenos Aires : _bTroquel, _c2001. |
||
| 300 |
_a94 p. : _bil. |
||
| 440 | 0 | _aSer humano | |
| 500 | _aEn la cubierta: Habilidades para la vida, en la escuela | ||
| 650 | 2 |
_aRelación familia-escuela _93840 |
|
| 650 | 4 | _aHOGAR Y ESCUELA | |
| 700 | 1 |
_aMizrahi, Alejandra, _eed. |
|
| 905 | _aLibro | ||
| 999 |
_c94452 _d94452 |
||